00353nam a22001217a 4500008004100000020001500041050002400056100001700080245006700097260003100164300001600195700002000211220317b |||||||| |||| 00| 0 eng d a8176221090 aS561b.B63 2014 c.1 aBoss, Andrew aModern farm management bprinciples and practice cAndrew Boss aDelhibBiotech Booksc2014 aviii, 580p. aPond George A.